Statistics for Roman Emperors who were Assasinated

Click here to take the quiz!

General Stats

  • This quiz has been taken 221 times
  • The average score is 10 of 29

Answer Stats

Cause of AssasinationYear of DeathAnswer% Correct
Killed by the Praetorian Guards. First emperor to be assasinated (Not counting Julius Caesar cause Pre-Empire).41 ADCaligula
93%
Poisoned by his wife.54 ADClaudius
72%
Strangled to death by his mentor in a bathtub.192 ADCommodus
62%
Murdered in a coup by his successor. The reason was for not paying bribes he never promised in the first place69 ADGalba
54%
Killed in a conspiracy by court officials.96 ADDomitian
50%
Lynched by Mutinous troops. His death signified the beginning of the Crisis of the Third Century.235 ADSeverus Alexander
47%
Also murdered by his successors troops.69 ADVitellius
46%
Killed by the Praetorian guard as a result of a bureaucrat fabricating an execution list.275 ADAurelian
41%
Murdered by the Praetorian Guard (Shocker) along with his mother.222 ADElagabalus
41%
Killed by his own soldier while out on campaign.217 ADCaracalla
39%
Murdered by the Praetorian Guard.193 ADPertinax
38%
Killed by his brother and co-emperor.211 ADGeta
37%
Murdered by the Praetorian Guard.249 ADPhillip II
31%
Killed by his troops in favor of a Usurper. Also possibly due to his homosexual tendancies.350 ADConstans I
30%
Killed by the Senate.193 ADDidius Julianus
28%
Also tortured and murdered by the Praetorian Guards alongside the previous guy.238 ADBalbinus
26%
Executed in a revolt in favor of his successor218 ADMacrinus
26%
Murdered by his troops for taking too long to siege a city.238 ADMaximinus Thrax
26%
Tortured and murdered by the Praetorian Guards.238 ADPupienus
25%
Murdered in a conspiracy possibly involving two of his successors.268 ADGallienus
21%
Murdered by his troops in favor of his successor.282 ADProbus
21%
Killed by troops loyal to his successor. Possibly the shortest reigning emperor in Roman history. This is not certain though270 ADQuintillus
20%
Murdered by his troops in favor of successor.253 ADTrebonianus Gallus
20%
Murdered by his soldiers when news broke of his sucessor returning to Rome with a larger army.253 ADAemilianus
18%
Was killed by the Magister Equitum for being too lazy.383 ADGratian
17%
Executed in favor of his successor.218 ADDiadumenian
10%
Murdered by his own troops in favor of his successor.276 ADFlorianus
8%
Murdered in favor of the ruler of the Gallic Empire.260 ADSaloninus
7%
Murdered by his soldiers alongside his father.253 ADVolusianus
7%

Score Distribution

Percentile by Number Answered

Percent of People with Each Score

Your Score History

You have not taken this quiz